000 00513nam a22001937a 4500
003 OSt
008 260119b |||||||| |||| 00| 0 eng d
082 _a338.1
_bB62A
100 _aBishop, C. E.
245 _aAgricultural Economic Analysis /
_cby C. E. Bishop and W. D. Toussaint
260 _a.- New York
_b: John Wiley
_c, 1958
300 _axiv,258p.
650 _aSocial Sciences
650 _aEconomics
650 _aAgriculture
650 _aAnalysis
700 _aToussaint, W. D.
942 _2ddc
_cDB
999 _c49822
_d49822